000 00575nam a2200193 i 4500
001 19181
003 ES-MaACL
005 20230906152025.0
007 t|
008 020628s2000 cl ||||1| spa d
020 _a956-262-095-6
080 _a32(88)"1988/..."
100 1 _aPortales, Felipe.
_993194
245 1 0 _aChile
_b: una democracia tutelada /
_cFelipe Portales.
260 _aSantiago de Chile :
_bEditorial Sudamericana,
_c[2000]
300 _a493 p. ;
_c24 cm.
651 4 _aChile-
_xPolĂ­tica y gobierno-
_y1988-
_98046
852 _aES-MaACL
_jL-25615
_bR.130244
999 _c19181
_d19181